LEADER 01016nam a2200277 i 4500 001 991004180619707536 005 20020509155556.0 008 930204s1949 it ||| | ita 035 $ab11282472-39ule_inst 035 $aPARLA197626$9ExL 040 $aDip.to Filol. Class. e Med.$bita 082 0 $a887.01 100 0 $aAristophanes$0602827 245 10$aProlegomeni /$cAristofane ; edizione critica e traduzione a cura di R. Cantarella 260 $aMilano :$bIstituto Editoriale Italiano,$c[1949] 300 $a199 p. ;$c22 cm. 440 3$aLe Commedie ;$v1 500 $aTesto greco con traduzione italiana a fronte. 650 4$aAristofane - Opera$xTraduzioni 700 1 $aCantarella, Raffaele 907 $a.b11282472$b08-07-16$c01-07-02 912 $a991004180619707536 945 $aLE007 C Ar 75$cV. 1$g1$i2007000005606$lle007$o-$pE0.00$q-$rl$s- $t0$u0$v0$w0$x0$y.i11447461$z01-07-02 996 $aProlegomeni$93369368 997 $aUNISALENTO 998 $ale007$b01-01-93$cm$da $e-$fita$git $h0$i1